Kombinační léčba hypertenze

Bibliographic Details
Main Authors: Grundmann, Milan, 1939- (Author), Kacířová, Ivana (Author)
Format: Article
Language:Slovak
Czech

MARC

LEADER 00000nab a2200000 a 4500
001 vtls010739900
003 SK-MaSNL
005 20260304185710.0
008 250709s2005 xo |||||||||||||||||slo|
035 |a (urnnbn)urn:nbn:sk:snk:ar-a05s20 
035 |a (uuid)496a927f-5fb5-4094-9783-feb99150586c 
035 |a urn:nbn:sk:snk-ab40ib 
040 |a SNKBUCL  |b slo  |c SNKBUCL  |e AACR2 
041 0 |a cze 
044 |a xo  |c SK 
100 1 |a Grundmann, Milan,  |d 1939-  |4 aut  |9 207272 
245 1 0 |a Kombinační léčba hypertenze  |c Milan Grundmann, Ivana Kacířová 
700 1 |a Kacířová, Ivana  |4 aut  |9 1130901 
773 0 |t Klinická farmakologie a farmacie  |g Roč. 19, č. 3 (2005), s. 169-173 
850 |a Slovenská národná knižnica 
852 |a Slovenská národná knižnica 
954 |a odborná, vedecká literatúra cudzojazyčná (svetová)  |2 lita 
958 |a article1 
958 |a OND 
958 |a EUIPO 
999 |c 3045477  |d 3047407